Les meilleures séries de 2025 - Statistiques

Statistiques générales
  • Ce quiz a été pris 11 fois
  • Le résultat moyen est 3 sur 10
Statistiques - réponses
# Réponses % Correct
5 Pluribus - S1
91%
2 The Pitt - S1
45%
4 Severance - S2
36%
1 Adolescence - S1
27%
10 The Last Of Us - S2
18%
7 The Studio - S1
18%
3 Andor - S2
9%
8 Dexter Resurrection - S1
9%
6 Heated Rivalry - S1
9%
9 The White Lotus - S3
9%
Aucun quiz correspondant
Distribution des résultats
% des personnes avec chaque résultat
Percentile par nombre de réponses
Votre historique - résultats
Vous n’avez pas pris ce quiz